000 00423nam a2200145Ia 4500
008 100204s9999 xx 000 0 und d
082 _b12042
100 _aरायकर प्रतिमा
245 _aसंशय
260 _b"बांदोडकर पब्लिशिंग हाऊस, गोवा"
_c1987
300 _a186
630 _aसंशय
730 _aसंशय
942 _cBOOK
999 _c456476
_d456473